000 00240 a2200085 4500
020 _a9789383419562
100 _aTiku, Neerja.
245 _aTheory of settlements: History and evolution of selected cities
260 _bCopal Publishing Group
_c2018
999 _c13355
_d13355